000 00572nam a2200181Ia 4500
008 151202s9999||||xx |||||||||||||| ||und||
082 _bPNVM-47150
100 _aतिबिले अनंत.
245 _aस्वप्न भंगले.
260 _b"मधूर प्रकाशन, पुणे."
260 _c1987
300 _a216
600 _aतिबिले अनंत.
630 _aस्वप्न भंगले.
700 _aतिबिले अनंत.
730 _aस्वप्न भंगले.
942 _cBOOK
999 _c1313100
_d1313097